000 00563nam a2200193Ia 4500
005 20250326144645.0
008 250326s9999 xx 000 0 und d
037 _aAnnuals, Advances
040 _aFMSL
_beng
_cFMSL
041 _aeng
_2eng
084 _aX:8E M7
_qFMSL
100 _aChandra P
_9659734
245 0 _aProjects preparation,appraisal,budgeting and implementation
_cChandra P
250 _a3
260 _aNew Delhi
_bNew Delhi, TataMcGraw-Hill
_c1987
300 _a570p
942 _cTB
_hX:8E M7
999 _c1304510
_d1304510